La comedia / (Record no. 22457)

MARC details
000 -LEADER
campo de control de longitud fija 00781nam a2200193 i 4500
001 - NÚMERO DE CONTROL
campo de control 22457
003 - IDENTIFICADOR DE NÚMERO DE CONTROL
campo de control ES-MaACL
005 - FECHA Y HORA DE LA ÚLTIMA TRANSACCIÓN
campo de control 20240127062958.0
007 - CAMPO FIJO DE DESCRIPCIÓN FÍSICA--INFORMACIÓN GENERAL
campo de control de longitud fija t|
008 - DATOS DE LONGITUD FIJA--INFORMACIÓN GENERAL
campo de control de longitud fija 021203s1878 sp ||||1| cat d
100 0# - ENTRADA PRINCIPAL--NOMBRE DE PERSONA
Nombre de persona Dante Alighieri,
Fechas asociadas al nombre 1265-1321
9 (RLIN) 42657
245 13 - MENCIÓN DEL TÍTULO
Título La comedia /
Mención de responsabilidad, etc. de Dant Allighieri ; traslatada de rims vulgars toscans en rims vulgars cathalans per N'Andreu Febrer (siglo XV) ; dala a la luz acompañada de ilustraciones crítico-literarias Cayetano Vidal y Valenciano.
260 ## - PUBLICACIÓN, DISTRIBUCIÓN, ETC.
Lugar de publicación, distribución, etc. Barcelona :
Nombre del editor, distribuidor, etc. Libreria de Álvaro Verdaguer,
Fecha de publicación, distribución, etc. 1878 (
Fabricante Tip. de Jaime Jepús)
300 ## - DESCRIPCIÓN FÍSICA
Extensión XXII, 596 p. ;
Dimensiones 18 cm.
700 1# - ENTRADA AGREGADA--NOMBRE PERSONAL
Nombre de persona Febrer, Andreu.
9 (RLIN) 49041
700 1# - ENTRADA AGREGADA--NOMBRE PERSONAL
Nombre de persona Vidal y Valenciano, Cayetano.
9 (RLIN) 114529
852 ## - LOCALIZACIÓN
Ubicación ES-MaACL
Número de control de estantería G-10319
Holdings
Estatus retirado Estado de pérdida Estado de daño No para préstamo Colección Biblioteca de origen Biblioteca actual Ubicación en estantería Fecha de adquisición Fuente de adquisición Total de préstamos Signatura topográfica completa Código de barras Visto por última vez Precio de reemplazo Tipo de ítem Koha
        Libros del s. XIX Biblioteca del Ateneo de Madrid Biblioteca del Ateneo de Madrid Sala Pecera Planta 3 17/01/2008     G-10319 1023117 23/02/2023 23/02/2023 Libro impreso antiguo